Telebomb : the truth behind the $500-billion telecom bust and what the industry must do to recover /

Bibliographic Details
Main Author: Handley, John, 1961-
Format: Book
Language:English
Published: New York : AMACOM, [2005]
Subjects:
Online Access:Table of contents

MARC

Tag First Indicator Second Indicator Subfields
LEADER 00000cam a22000004a 4500
001 in00002060607
005 20151101185212.0
008 050301s2005 nyua b 001 0 eng
010 |a  2005005682 
020 |a 0814408338 (hardcover) 
035 |a (OCoLC)ocm58478916 
040 |a DLC  |c DLC  |d C#P  |d OCL  |d UtOrBLW 
042 |a pcc 
043 |a n-us--- 
049 |a TXAM 
050 0 0 |a HE7775  |b .H33 2005 
082 0 0 |a 384/.0973  |2 22 
100 1 |a Handley, John,  |d 1961- 
245 1 0 |a Telebomb :  |b the truth behind the $500-billion telecom bust and what the industry must do to recover /  |c John Handley. 
264 1 |a New York :  |b AMACOM,  |c [2005] 
264 4 |c ©2005 
300 |a viii, 264 pages :  |b illustrations ;  |c 24 cm. 
336 |a text  |b txt  |2 rdacontent 
337 |a unmediated  |b n  |2 rdamedia 
338 |a volume  |b nc  |2 rdacarrier 
504 |a Includes bibliographical references and index. 
505 0 |a Before and after the breakup of AT&T -- Stability as the world changed -- The Telecommunications Act of 1996 -- The second race to cover the United States in optical fiber -- The big get bigger : the entry of the RBOCs into the long-distance market -- The last stand of the long-distance companies -- The rise and fall of the competitive local exchange carriers -- Lost opportunities by the cable companies -- The crash -- Who won? -- Likely future winners and losers -- A look back and a look forward. 
650 0 |a Telecommunication  |z United States. 
650 0 |a Telecommunication  |x Deregulation  |z United States. 
650 0 |a Telecommunication policy  |z United States. 
610 1 0 |a United States.  |t Telecommunications Act of 1996. 
856 4 1 |3 Table of contents  |u http://www.loc.gov/catdir/toc/ecip059/2005005682.html  |t 0 
945 |i PromptCat 
946 |a west,stk 
947 |a A14832655066 
994 |a 92  |b TXA 
948 |a cataloged  |b h  |c 2005/7/8  |d c  |e rbarron  |f 3:40:44 pm 
999 |a MARS 
999 f f |s ec9d15c6-5f31-3e65-b7c5-ca93033464cf  |i 07d1107b-33e9-3c75-8687-d24b2c73b7b0  |t 0 
952 f f |p ric  |a Texas A&M University  |b Rellis Campus  |c Joint Library Facility  |d Remote Storage  |t 0  |e HE7775 .H33 2005  |h Library of Congress classification  |i unmediated -- volume  |m A14832655066 
998 f f |a HE7775 .H33 2005  |t 0  |l Remote Storage